| 000 | 00567nam a2200193Ia 4500 | ||
|---|---|---|---|
| 003 | GCL | ||
| 008 | 140319s9999 xx 000 0 ara d | ||
| 040 |
_aGCL / _cGCL |
||
| 082 | 0 | 4 |
_aط _b813.0872 _bم ف |
| 100 | 1 | _aمجدى صابر | |
| 245 | 1 | 0 |
_aالمطاردة الرهيبة / _cمجدى صابر |
| 260 |
_a[S.N] : _bميدلايت المحدودة ، _c1992 |
||
| 300 | _a97 ص | ||
| 490 |
_aالفرقة الانتحارية _v0 |
||
| 650 | 0 | 4 | _aالاطفال |
| 650 | 0 | 4 | _aالقصص البوليسية |
| 650 | 0 | 4 | _aالالغاز |
| 942 |
_2ddc _cBK |
||
| 999 |
_c57105 _d57105 |
||